LEADER 01060nam 2200385 450 001 9910480569503321 005 20200806154829.0 010 $a1-83982-622-3 010 $a1-83982-624-X 035 $a(CKB)4100000011135860 035 $a(MiAaPQ)EBC6183833 035 $a(EXLCZ)994100000011135860 100 $a20200806d2020 uy 0 101 0 $aeng 135 $aurcnu|||||||| 181 $ctxt$2rdacontent 182 $cc$2rdamedia 183 $acr$2rdacarrier 200 14$aThe philosophy of transhumanism $ea critical analysis /$fBenjamin Ross 210 1$aBingley, England :$cEmerald Publishing,$d[2020] 210 4$dİ2020 215 $a1 online resource (236 pages) 311 $a1-83982-625-8 606 $aTranshumanism 608 $aElectronic books. 615 0$aTranshumanism. 676 $a144 700 $aRoss$b Benjamin$0876699 801 0$bMiAaPQ 801 1$bMiAaPQ 801 2$bMiAaPQ 906 $aBOOK 912 $a9910480569503321 996 $aThe philosophy of transhumanism$91957580 997 $aUNINA LEADER 01359aam 2200397I 450 001 9910710280903321 005 20160121100808.0 024 8 $aGOVPUB-C13-c6892d66a97a80dd395fede52fc4ecf2 035 $a(CKB)5470000002476475 035 $a(OCoLC)935499381 035 $a(EXLCZ)995470000002476475 100 $a20160121d1980 ua 0 101 0 $aeng 181 $2rdacontent 182 $2rdamedia 183 $2rdacarrier 200 10$aCollaborative reference program for paper $ereport no. 64G /$fR. G. Powell; J. Horlick 210 1$aGaithersburg, MD :$cU.S. Dept. of Commerce, National Institute of Standards and Technology,$d1980. 215 $a1 online resource 225 1 $aNBSIR ;$v80-1837 300 $a1980. 300 $aContributed record: Metadata reviewed, not verified. Some fields updated by batch processes. 300 $aTitle from PDF title page. 320 $aIncludes bibliographical references. 517 $aCollaborative reference program for paper 700 $aPowell$b R. G$01386938 701 $aHorlick$b J$01386491 701 $aPowell$b R. G$01386938 712 02$aUnited States.$bNational Bureau of Standards. 801 0$bNBS 801 1$bNBS 801 2$bGPO 906 $aBOOK 912 $a9910710280903321 996 $aCollaborative reference program for paper$93441856 997 $aUNINA